Until Dawn Characters - Statistics

General Stats
  • This quiz has been taken 782 times
    770 since last reset
  • The average score is 10 of 12
Answer Stats
Answer % Correct
Josh
94%
Mike
93%
Chris
92%
Emily
91%
Jessica
91%
Sam
91%
Ashley
89%
Hannah
88%
Matt
88%
Beth
86%
Jack (The Stranger)
56%
Alan (Dr. A J Hill)
33%
No matching quizzes found
Score Distribution
Percent of People with Each Score
Percentile by Number Answered
Your Score History
You have not taken this quiz since the last reset